[Event "Roman Levit Mem"]
[Site "Milwaukee USA"]
[Date "2001.12.25"]
[Round "5"]
[White "Shulman,Y"]
[Black "Weeramantry,S"]
[Result "1-0"]
[WhiteElo "2587"]
[BlackElo "2195"]

1.d4 Nf6 2.c4 g6 3.Nc3 Bg7 4.e4 d6 5.Nf3 O-O 6.Be2 e5 7.Be3 c6 8.O-O Nbd7
9.h3 Qe7 10.Qc2 Re8 11.Rfe1 exd4 12.Bxd4 Nc5 13.Bd3 Nfd7 14.Bxg7 Kxg7 15.Bf1 Ne5
16.Nd4 Ne6 17.Qd2 Nxd4 18.Qxd4 f6 19.f4 Nf7 20.Rac1 b6 21.Be2 Bb7 22.Bf3 Rad8
23.Qf2 Qc7 24.b3 Re7 25.Qd2 Rde8 26.Kh1 h6 27.Ne2 c5 28.Ng3 a6 29.f5 d5 30.fxg6 Qxg3
31.gxf7 Rd8 32.exd5 Rxf7 33.Bh5 Rfd7 34.Re3 Qg5 35.Qe2 f5 36.Re6 Kf8 37.Qe5  1-0

[Event "US Amateur Team East"]
[Site "Parsipanny USA"]
[Date "2002.02.18"]
[Round "6"]
[White "Ariel,D"]
[Black "Shulman,Y"]
[Result "0-1"]
[WhiteElo "2367"]
[BlackElo "2596"]

1.e4 e6 2.d4 d5 3.Nc3 Bb4 4.e5 c5 5.a3 Bxc3+ 6.bxc3 Ne7 7.Qg4 O-O 8.Nf3 Qa5
9.Bd2 Nbc6 10.Bd3 f5 11.Qh5 Qa4 12.dxc5 Qg4 13.Qg5 Ng6 14.Qe3 f4 15.Qe2 Ngxe5
16.Nxe5 Qxe2+ 17.Bxe2 Nxe5 18.Rb1 Nd7 19.Rb4 Nxc5 20.Rxf4 Re8 21.Rd4 b6 22.c4 Ba6
23.Be3 Rac8 24.cxd5 Bxe2 25.Kxe2 exd5 26.Kd2 Rc6 27.f3 Rec8 28.Ke2 Ne6 29.Rxd5 Rxc2+
30.Rd2 R8c3 31.Ra1 Rxd2+ 32.Kxd2 Rb3 33.Ra2 Nc7 34.Bf2 Nd5 35.Kc2 Rc3+ 36.Kd2 Rb3
37.Kc2 Rc3+ 38.Kd2 Kf7 39.Bd4 Rc4 40.Kd3 Ra4 41.Bc3 a5 42.g3 Nb4+ 43.Bxb4 axb4
44.Kc4 bxa3+ 45.Kb5 Ra8 46.Kxb6 Rb8+ 47.Kc5 Rb3 48.f4 Kf6 49.Kc4 Rf3 50.Kd5 Kf5
51.Kd4 g6 52.Ra1 h5 53.Ra2 h4 54.gxh4 Rxf4+ 55.Kd5 Rxh4 56.Rxa3 Rxh2 57.Rf3+ Kg4
58.Rf1 g5 59.Ke5 Kh3 60.Rf3+ Kh4 61.Kf5 Ra2 62.Rb3 g4 63.Rb8 Rf2+ 64.Ke4 Kh3
65.Rh8+ Kg2 66.Ke3 g3 67.Rh7 Rf8 68.Re7 Kg1 69.Ke2 g2 70.Re6 Rh8 71.Kf3 Kh1  0-1

[Event "US Masters"]
[Site "Chicago USA"]
[Date "2002.03.03"]
[Round "6"]
[White "Kaidanov,G"]
[Black "Shulman,Y"]
[Result "1-0"]
[WhiteElo "2596"]
[BlackElo "2596"]

1.d4 Nf6 2.c4 g6 3.Nc3 Bg7 4.e4 d6 5.f3 O-O 6.Nge2 c5 7.Be3 Nc6 8.d5 Ne5
9.Ng3 e6 10.Be2 exd5 11.cxd5 h5 12.O-O Nh7 13.Qd2 h4 14.Nh1 g5 15.Nf2 Qf6
16.f4 gxf4 17.Bxf4 Bd7 18.Kh1 Rae8 19.Nd3 Nc4 20.Qe1 Nxb2 21.e5 dxe5 22.Be3 Nxd3
23.Bxd3 Qe7 24.Bxh7+ Kxh7 25.Ne4 f5 26.Bg5 Qf7 27.Qxh4+ Kg8 28.Nd6 Qxd5 29.Nxe8 Rxe8
30.Bf6 Bxf6 31.Qxf6 Qf7 32.Qh4 Qe7 33.Qc4+ Kg7 34.Rae1 Qg5 35.Qxc5 Bc6 36.Rf2 f4
37.Kg1 a6 38.Qc3 Kg6 39.Qd3+ Qf5 40.Qd6+ Qf6 41.Qxf6+ Kxf6 42.g3 Rg8 43.Re3 Kf5
44.Kf1 Rc8 45.gxf4 exf4 46.Re7 Bd5 47.Rd2 Rc1+ 48.Re1 Rc5 49.Kf2 Ra5 50.h4 Rxa2
51.Rxa2 Bxa2 52.Rg1 b5 53.Rg7 Kf6 54.Rd7 Kf5 55.h5 Bb1 56.h6 Ke5 57.h7 Bxh7
58.Rxh7 Kd4 59.Ke2 Kc3 60.Rc7+ Kb2 61.Kd2 b4 62.Rc4  1-0

[Event "National Open"]
[Site "Las Vegas USA"]
[Date "2002.03.08"]
[Round "1"]
[White "Shulman,Y"]
[Black "Riddell,J"]
[Result "1-0"]
[WhiteElo "2596"]
[BlackElo "2131"]

1.d4 f5 2.c4 Nf6 3.Nf3 e6 4.Nc3 d5 5.Bf4 c6 6.e3 Bd6 7.Bxd6 Qxd6 8.Bd3 O-O
9.O-O Ne4 10.Bxe4 fxe4 11.Nd2 Nd7 12.f3 exf3 13.Rxf3 Nf6 14.Qb3 Bd7 15.Raf1 Ng4
16.Rxf8+ Rxf8 17.Rxf8+ Kxf8 18.Nf3 Nxe3 19.Qxb7 Nxc4 20.b3 Nb6 21.Qxa7 Qf4
22.Ne2 Qe3+ 23.Kf1 e5 24.Qxb6 e4 25.Qd8+ Be8 26.Qd6+ Kg8 27.Qe7 Bh5 28.Qe6+ Kf8
29.Qf5+ Kg8 30.Qxh5 exf3 31.Qxf3  1-0

[Event "National Open"]
[Site "Las Vegas USA"]
[Date "2002.03.10"]
[Round "5"]
[White "Shulman,Y"]
[Black "Vigorito,D"]
[Result "1-0"]
[WhiteElo "2596"]
[BlackElo "2331"]

1.d4 Nf6 2.c4 e6 3.Nf3 d5 4.Nc3 c6 5.Bg5 dxc4 6.a4 Bb4 7.e4 Bxc3+ 8.bxc3 Qa5
9.e5 Ne4 10.Bd2 Nxd2 11.Qxd2 Qd5 12.Be2 c5 13.O-O O-O 14.Qa2 cxd4 15.Bxc4 Qe4
16.Rfe1 Qf4 17.Bd3 g6 18.Re4 Qh6 19.Rh4 Qg7 20.cxd4 Rd8 21.Ng5 h6 22.Ne4 Nc6
23.Nf6+ Kh8 24.Qb2 Ne7 25.Qc1 g5 26.Rg4 Nd5 27.Nh5 Qf8 28.h4 f5 29.exf6 Nxf6
30.Nxf6 Qxf6 31.hxg5 hxg5 32.Ra3 Rd5 33.Be4  1-0

[Event "Foxwoods Open"]
[Site "Connecticut USA"]
[Date "2002.03.29"]
[Round "2"]
[White "Casella,M"]
[Black "Shulman,Y"]
[Result "0-1"]
[WhiteElo "2311"]
[BlackElo "2596"]

1.e4 e6 2.d4 d5 3.Nc3 Bb4 4.e5 c5 5.a3 Bxc3+ 6.bxc3 Ne7 7.Nf3 Bd7 8.a4 Qa5
9.Bd2 Nbc6 10.Bb5 a6 11.c4 Qc7 12.cxd5 Nxd5 13.Bxc6 Qxc6 14.O-O cxd4 15.Nxd4 Qc7
16.c3 O-O 17.Re1 Rac8 18.Re4 Nxc3 19.Bxc3 Qxc3 20.Re3 Qc4 21.Nf5 exf5 22.Qxd7 f4
23.Ree1 Rc7 24.Qd2 Rfc8 25.h3 h6 26.Reb1 f3 27.g4 Qe2 28.Qd4 Rc5 29.Re1 Qc4
30.Qe3 Qd5 31.Ra3 Re8 32.Qxf3 Qxf3 33.Rxf3 Rcxe5 34.Rxe5 Rxe5 35.Rb3 Re7
36.f4 Kf8 37.Kg2 Rd7 38.Kf3 Ke7 39.Rb6 Kd8 40.Ke4 Kc7 41.a5 Rd1 42.Rb3 Re1+
43.Kf3 Rc1 44.Re3 Rf1+ 45.Kg3 Rd1 46.Rc3+ Kd8 47.Rb3 Rd7 48.h4 Kc7 49.h5 f6
50.Rc3+ Kd6 51.Kf3 Re7 52.Rc1 Kd5 53.Rc2 Kd4 54.Rc8 Re3+ 55.Kf2 Rc3 56.Rd8+ Ke4
57.Rd7 Kxf4 58.Rxb7 Rc2+ 59.Ke1 Kg3 60.Kf1 Kf3 61.Ke1 Kxg4 62.Rxg7+ Kxh5
63.Rf7 Ra2 64.Rxf6 Rxa5 65.Rb6 Kg5 66.Re6 h5 67.Ke2 Kf4 68.Rh6 Re5+ 69.Kf2 a5
70.Rf6+ Ke4 71.Ke2 Rb5 72.Kd2 Rf5 73.Rg6 Kf3 74.Rh6 Rg5 75.Ke1 Kg2 76.Ke2 a4
77.Ke3 a3 78.Ra6 Rg3+ 79.Kf4 h4 80.Rc6 Rf3+ 81.Kg4 h3 82.Rc2+ Rf2 83.Rc3 h2
84.Rg3+ Kf1 85.Rxa3 h1=Q  0-1

[Event "Foxwoods Open"]
[Site "Connecticut USA"]
[Date "2002.03.29"]
[Round "3"]
[White "Shulman,Y"]
[Black "Perelshteyn,E"]
[Result "1/2-1/2"]
[WhiteElo "2596"]
[BlackElo "2451"]

1.d4 Nf6 2.c4 g6 3.Nc3 Bg7 4.e4 d6 5.Nf3 O-O 6.Be2 Na6 7.O-O e5 8.Be3 Ng4
9.Bg5 Qe8 10.h3 h6 11.Bh4 Nf6 12.Bxf6 Bxf6 13.c5 exd4 14.Nd5 Bd8 15.Bxa6 bxa6
16.cxd6 c6 17.Nc7 Bxc7 18.dxc7 Qxe4 19.Qxd4 Qxd4 20.Nxd4 Bb7 21.Rfe1 Rac8
22.Re7 Rfe8 23.Rxe8+ Rxe8 24.Rd1 Rc8 25.Nb3 Rxc7 26.Rd8+ Kg7 27.Nc5 Bc8 28.b3 Be6
29.f3 Bd5 30.Nxa6 Rb7 31.Kf2 Rb5 32.Ke3 Ra5 33.Nb4 Ra3 34.Nxd5  1/2-1/2

[Event "Foxwoods Open"]
[Site "Connecticut USA"]
[Date "2002.03.31"]
[Round "6"]
[White "Tegshsuren,E"]
[Black "Shulman,Y"]
[Result "1-0"]
[WhiteElo "2415"]
[BlackElo "2596"]

1.d4 Nf6 2.Nf3 g6 3.c4 Bg7 4.Nc3 O-O 5.e4 d6 6.Be2 e5 7.Be3 Ng4 8.Bg5 f6
9.Bh4 Nc6 10.d5 Ne7 11.Nd2 h5 12.h3 Nh6 13.g4 hxg4 14.hxg4 Nf7 15.Qc2 Bd7
16.O-O-O c5 17.Rh2 Nc8 18.Bg3 Bh6 19.f4 exf4 20.e5 Kg7 21.exf6+ Qxf6 22.Nce4 Qe7
23.Bh4 g5 24.Bxg5 Bxg5 25.Rh7+ Kxh7 26.Nxg5+ Kh6 27.Qh7+ Kxg5 28.Qg7+ Kh4
29.Qh7+ Kg5 30.Qg7+ Kh4 31.Rh1+ Kg3 32.Nf1+ Kf2 33.Rh2+ Kg1 34.Qc3 Qe3+ 35.Nxe3 Kxh2
36.Nf1+ Kg1 37.Qe1 Kg2 38.Nd2 Ne5 39.Bf1+ Kg1 40.Be2+ Kg2 41.Qf1+ Kh2 42.Qf2+ Kh3
43.Ne4 Rg8 44.Qxf4  1-0

[Event "30th World Open"]
[Site "Philadelphia USA"]
[Date "2002.07.03"]
[Round "5"]
[White "Shulman,Y"]
[Black "Getz,S"]
[Result "1-0"]
[WhiteElo "2591"]
[BlackElo "2330"]

1.d4 Nf6 2.c4 e5 3.dxe5 Ng4 4.e3 Nxe5 5.Nh3 Ng6 6.g3 Nc6 7.Bg2 Bb4+ 8.Bd2 Bxd2+
9.Nxd2 d6 10.O-O O-O 11.Qb3 Rb8 12.f4 Bd7 13.Nf2 Re8 14.Rfe1 b6 15.Qc3 a5
16.Nf3 Nf8 17.b3 h6 18.a3 Nh7 19.Rad1 Qf6 20.Qc2 Rbd8 21.Ne4 Qe7 22.Nc3 Bg4
23.h3 Bc8 24.Nd5 Qd7 25.Kh2 Bb7 26.e4 Qc8 27.Qc3 Ne7 28.Nd4 f6 29.Bf3 Nf8
30.Bh5 Nxd5 31.cxd5 Re7 32.Nf5 Red7 33.e5 dxe5 34.fxe5 fxe5 35.Qxe5 Qa8 36.Be8 Rxe8
37.Qxe8 Qxe8 38.Rxe8 Kf7 39.Rb8 Rxd5 40.Nxh6+ gxh6 41.Rf1+ Ke7 42.Rbxf8 Rd3
43.R1f7+ Ke6 44.Rxc7 Bd5 45.g4 Rxb3 46.Rh7 Ke5 47.Rxh6 Rb2+ 48.Kg3 Rb3+ 49.Kh4 Bg2
50.Rb8 Rxh3+ 51.Kg5 Rxa3 52.Rhxb6 Be4 53.Rd8 Bd3 54.Rbd6 Be4 55.Rd1  1-0

[Event "30th World Open"]
[Site "Philadelphia USA"]
[Date "2002.07.04"]
[Round "6"]
[White "Tegshsuren,E"]
[Black "Shulman,Y"]
[Result "1/2-1/2"]
[WhiteElo "2415"]
[BlackElo "2591"]

1.d4 Nf6 2.Nf3 g6 3.c4 Bg7 4.Nc3 O-O 5.e4 d6 6.Be2 e5 7.Be3 c6 8.O-O Qe7
9.d5 Ng4 10.Bg5 f6 11.Bh4 c5 12.Ne1 h5 13.Nd3 Na6 14.a3 Bd7 15.Rb1 Rfc8 16.h3 Nh6
17.g4 hxg4 18.hxg4 Nf7 19.Kg2 Bh6 20.Rh1 Kg7 21.Rh3 Bg5 22.Qb3 Nc7 23.Rbh1 Rab8
24.Bg3 Nh6 25.f4 exf4 26.Nxf4 Rh8 27.Qd1 b5 28.cxb5 Bxf4 29.Bxf4 g5 30.Bg3 Nxb5
31.Nxb5 Bxb5 32.Bf3 Bd7 33.Qe2 Rb3 34.R3h2 Bb5 35.Qc2 Ba4 36.Qe2 Qb7 37.Kg1 Qb6
38.Be1 Bb5 39.Qf2 Bd3 40.Bc3 Rxc3 41.bxc3 Nf7 42.Qb2 Rxh2 43.Rxh2 Qa6 44.Kf2 Bb5
45.Qc1 Qa4 46.Kg3 Qb3 47.Qc2 Ba4 48.Bd1 Qxa3 49.Qxa4 Qxc3+ 50.Bf3 Qe5+ 51.Kg2 Qb2+
52.Kh3 Qc3 53.Rf2 Ne5 54.Qxa7+ Kg6 55.Kg2 Nd3 56.Qa2 Ne5 57.Kg3 Qd4 58.Kh3 Nd3
59.Kg2 Nf4+ 60.Kf1 Qc3 61.Qb2 Qd3+ 62.Kg1 Nh3+ 63.Kg2 Nxf2 64.Kxf2 Kg7 65.Qe2 Qc3
66.Qe3 Qe5 67.Be2 Kf7 68.Qd3 Qh2+ 69.Ke1 Qe5 70.Qc4 Qa1+ 71.Kd2 Qb2+ 72.Ke3 Qb1
73.Kd2 Qb2+ 74.Ke3 Qe5 75.Bf3 Qf4+ 76.Ke2 Qh2+ 77.Kd1 Qg1+ 78.Kc2 Qe3 79.Qd3 Qf2+
80.Kb3 Qe1 81.Qc3 Qb1+ 82.Ka4 Qf1 83.Ka5 Qb1 84.Ka6 Kg7 85.e5 fxe5  1/2-1/2

[Event "30th World Open"]
[Site "Philadelphia USA"]
[Date "2002.07.05"]
[Round "7"]
[White "Shulman,Y"]
[Black "Muhammad,S"]
[Result "1-0"]
[WhiteElo "2591"]
[BlackElo "2329"]

1.d4 Nf6 2.c4 g6 3.Nc3 Bg7 4.e4 d6 5.Nf3 O-O 6.Be2 e5 7.Be3 h6 8.O-O Ng4
9.Bc1 Nc6 10.d5 Ne7 11.Nd2 f5 12.Bxg4 fxg4 13.b4 a5 14.bxa5 Rxa5 15.Nb3 Ra6
16.c5 Kh7 17.a4 Ng8 18.Be3 Nf6 19.Nd2 Nh5 20.Nc4 Nf4 21.cxd6 cxd6 22.Nb5 Rf6
23.a5 Bf8 24.Bb6 Qe7 25.Nc7 Rf7 26.Ne3 h5 27.Qc2 Bd7 28.Qc4 h4 29.Nxa6 bxa6
30.Qxa6 Qg5 31.g3 Nh3+ 32.Kg2 Qh5 33.Bd8 Bh6 34.Qxd6 Bf4 35.Rab1 Nxf2 36.Bxh4 Nxe4
37.Qb4 Nf6 38.Bxf6 Qh3+ 39.Kh1 Bxg3 40.Qd2 Bf4 41.Bxe5 Bf5 42.Rxf4 g3 43.Nxf5  1-0

[Event "2nd CMA Futurity"]
[Site "Toronto CAN"]
[Date "2002.08.14"]
[Round "3"]
[White "Bluvshtein,M"]
[Black "Shulman,Y"]
[Result "1-0"]
[WhiteElo "2367"]
[BlackElo "2591"]

1.e4 e6 2.d4 d5 3.Nc3 Bb4 4.e5 c5 5.a3 Bxc3+ 6.bxc3 Ne7 7.Qg4 O-O 8.Bd3 Qa5
9.Bd2 Nbc6 10.Nf3 f5 11.exf6 Rxf6 12.Qh5 Nf5 13.c4 Qa4 14.cxd5 Ncxd4 15.Ng5 h6
16.Ne4 Rf7 17.O-O exd5 18.Nxc5 Qc6 19.Nb3 Bd7 20.Nxd4 Nxd4 21.Bh7+ Kxh7 22.Qxf7 Be8
23.Qe7 Bg6 24.Qe5 Qc4 25.c3 Nc2 26.Rac1 Qc6 27.Bf4 Nxa3 28.Rfd1 Rc8 29.Qxd5 Be4
30.Qxc6 Rxc6 31.f3 Bf5 32.Rd5 Be6 33.Ra5 Nc4 34.Rxa7 b6 35.Rc7 Rxc7 36.Bxc7 b5
37.Re1 Bf7 38.Be5 Kg6 39.Bd4 Nd6 40.g4 Bc4 41.Re7 Nf7 42.Kf2  1-0

[Event "2nd CMA Futurity"]
[Site "Toronto CAN"]
[Date "2002.08.18"]
[Round "6"]
[White "Shulman,Y"]
[Black "Findlay,I"]
[Result "1-0"]
[WhiteElo "2591"]
[BlackElo "2328"]

1.d4 Nf6 2.c4 c5 3.d5 e6 4.Nc3 exd5 5.cxd5 d6 6.e4 g6 7.Bd3 Bg7 8.Nf3 O-O
9.h3 b5 10.Nxb5 Re8 11.O-O Nxe4 12.Qa4 Bd7 13.Re1 f5 14.Qa3 Qb6 15.Nc3 Nxc3
16.Rxe8+ Bxe8 17.bxc3 Qb7 18.Bf4 Qxd5 19.Rd1 Bf7 20.Bc2 Qc4 21.Bb3 Qxf4 22.Bxf7+ Kxf7
23.Qb3+ Kf8 24.Qb7 Qe4 25.Rd5 Bxc3 26.Qxa8 Qb1+ 27.Kh2 Qb6 28.Rd3 Bf6 29.Rb3  1-0

[Event "2nd CMA Futurity"]
[Site "Toronto CAN"]
[Date "2002.08.19"]
[Round "7"]
[White "Lawson,E"]
[Black "Shulman,Y"]
[Result "0-1"]
[WhiteElo "2253"]
[BlackElo "2591"]

1.b3 e5 2.Bb2 Nc6 3.e3 Nf6 4.Bb5 Bd6 5.Ne2 O-O 6.d3 Ne7 7.d4 e4 8.Ng3 c6
9.Be2 Bc7 10.c4 d5 11.Nd2 Re8 12.Qc2 Ng6 13.Rc1 Bd6 14.c5 Bc7 15.b4 Nh4 16.Rg1 Ng4
17.Ndf1 Qg5 18.b5 Nxh2 19.Nxh2 Bxg3 20.Nf1 Bc7 21.g3 Nf3+ 22.Bxf3 exf3 23.Qa4 Qg6
24.Kd2 Bd7 25.bxc6 Bxc6 26.Qc2 Re4 27.Qd1 Bb5 28.Qxf3 Re6 29.Bc3 Rf6 30.Qd1 Rxf2+
31.Ke1 Qf5  0-1

[Event "2nd CMA Futurity"]
[Site "Toronto CAN"]
[Date "2002.08.20"]
[Round "8"]
[White "Shulman,Y"]
[Black "Ivanov,IgorV"]
[Result "1-0"]
[WhiteElo "2591"]
[BlackElo "2489"]

1.d4 Nf6 2.c4 e6 3.Nc3 d5 4.Nf3 Nbd7 5.Bg5 h6 6.Bh4 dxc4 7.e3 Nb6 8.Bxc4 Nxc4
9.Qa4+ Bd7 10.Qxc4 Bc6 11.Ne5 Bd7 12.Ne4 c6 13.Nxf6+ gxf6 14.Nxd7 Kxd7 15.O-O Be7
16.e4 Ke8 17.Rfd1 Qc8 18.Rac1 Rg8 19.Bg3 h5 20.Qe2 f5 21.exf5 h4 22.Bf4 Qd7
23.d5 exd5 24.f6 Rg4 25.g3  1-0

[Event "21st NAO"]
[Site "Las Vegas USA"]
[Date "2002.09.01"]
[Round "7"]
[White "Donaldson,J"]
[Black "Shulman,Y"]
[Result "1/2-1/2"]
[WhiteElo "2437"]
[BlackElo "2591"]

1.Nf3 d5 2.d4 Nf6 3.c4 e6 4.cxd5 exd5 5.Nc3 c6 6.Bg5 Be7 7.Qc2 O-O 8.e3 Nbd7
9.Bd3 Re8 10.O-O Nf8 11.Rab1 g6 12.b4 a6 13.a4 Ne6 14.Bh4 Ng7 15.b5 axb5  1/2-1/2

[Event "21st NAO"]
[Site "Las Vegas USA"]
[Date "2002.09.02"]
[Round "9"]
[White "Kamberi,S"]
[Black "Shulman,Y"]
[Result "0-1"]
[WhiteElo "2298"]
[BlackElo "2591"]

1.Nf3 d5 2.c4 d4 3.e3 c5 4.b4 Nf6 5.Bb2 dxe3 6.fxe3 cxb4 7.d4 g6 8.Qa4+ Nc6
9.d5 Qa5 10.Qd1 Nb8 11.Nbd2 Bg7 12.Bd3 O-O 13.e4 Nbd7 14.Nb3 Qc7 15.O-O Ng4
16.Bxg7 Kxg7 17.Qd2 a5 18.Kh1 Nde5 19.Nbd4 Bd7 20.h3 Nxf3 21.Nxf3 Ne5 22.Qb2 f6
23.Nxe5 Qxe5 24.Qxe5 fxe5 25.Rxf8 Rxf8 26.Rc1 Rf2 27.Rc2 Rxc2 28.Bxc2 b6
29.Kg1 Kf7 30.Kf2 Ke8  0-1

[Event "Imre Konig Mem"]
[Site "San Francisco USA"]
[Date "2002.09.12"]
[Round "7"]
[White "De Firmian,N"]
[Black "Shulman,Y"]
[Result "1/2-1/2"]
[WhiteElo "2551"]
[BlackElo "2591"]

1.e4 e6 2.d4 d5 3.Nc3 Bb4 4.e5 c5 5.a3 Bxc3+ 6.bxc3 Ne7 7.Nf3 b6 8.Bb5+ Bd7
9.a4 Bxb5 10.axb5 Qc7 11.O-O O-O 12.Qd3 Rc8 13.Bd2 h6 14.Ra2 a5 15.bxa6 Rxa6
16.Rxa6 c4 17.Qe2 Nxa6 18.g4 Qd7 19.Nh4 Ng6 20.Ng2 Rf8 21.f4 f5 22.exf6 Rxf6
23.Be1 Nc7 24.Bg3 Nb5 25.Qe3 Nd6 26.f5 exf5 27.Bxd6 Qxd6 28.gxf5 Ne7 29.Qh3 Qa3  1/2-1/2

[Event "11th Monarch Assurance"]
[Site "Port Erin IOM"]
[Date "2002.10.03"]
[Round "6"]
[White "Shulman,Y"]
[Black "Kogan,A"]
[Result "1/2-1/2"]
[WhiteElo "2591"]
[BlackElo "2530"]

1.d4 Nf6 2.c4 c6 3.Nf3 d5 4.Nc3 a6 5.a4 e6 6.g3 a5 7.Bg2 Na6 8.O-O Be7 9.Ne5 Nd7
10.Nxd7 Qxd7 11.b3 f5 12.Ba3 Nb4 13.Na2 b6 14.Qd2 Nxa2 15.Qxa2 Bb7 16.Rac1 Bf6
17.Rfd1 Kf7  1/2-1/2

[Event "11th Monarch Assurance"]
[Site "Port Erin IOM"]
[Date "2002.10.04"]
[Round "7"]
[White "Tyomkin,D"]
[Black "Shulman,Y"]
[Result "1/2-1/2"]
[WhiteElo "2482"]
[BlackElo "2591"]

1.d4 d5 2.c4 e6 3.Nc3 c6 4.cxd5 exd5 5.Bf4 Bd6 6.Bxd6 Qxd6 7.e3 Bf5 8.Bd3 Bxd3
9.Qxd3 Nf6 10.Nge2 O-O 11.O-O Nbd7 12.Rab1 Rfe8 13.Rfc1 g6 14.Na4  1/2-1/2

[Event "38th American Open"]
[Site "Los Angeles USA"]
[Date "2002.11.28"]
[Round "1"]
[White "Shulman,Y"]
[Black "Nambiar,V"]
[Result "1-0"]
[WhiteElo "2566"]
[BlackElo "2246"]

1.d4 d5 2.c4 c6 3.Nf3 Nf6 4.Nc3 dxc4 5.a4 Bf5 6.e3 e6 7.Bxc4 Bb4 8.O-O O-O
9.Nh4 Nbd7 10.Nxf5 exf5 11.Qc2 Nb6 12.Ba2 Qd7 13.a5 Nbd5 14.Bd2 Be7 15.Bc4 Rad8
16.Rfd1 g6 17.Rac1 Rfe8 18.Bf1 Bf8 19.Nxd5 cxd5 20.a6 Ne4 21.Qc7 bxa6 22.Qxd7 Rxd7
23.Bxa6 Rd6 24.Bd3 Nxd2 25.Rxd2 Rb6 26.g3 Bd6 27.Rdc2 Kg7 28.Ra1 Bb8 29.Ra5 Rd8
30.Kf1 Kf6 31.Ke2 Ke6 32.Kd2 Rdd6 33.Be2 Rdc6 34.Bf3 Rxc2+ 35.Kxc2 Rd6 36.b4 a6
37.Rc5 Ba7 38.Rc8 Rb6 39.Re8+ Kd7 40.Ra8 Bb8 41.Bxd5 Rxb4 42.Bxf7 Ke7 43.Bb3 Rb6
44.Bc4 g5 45.Bxa6 f4 46.Bd3 fxe3 47.fxe3 h5 48.e4 h4 49.e5 hxg3 50.hxg3 Bc7
51.Rg8 Rc6+ 52.Kd2 Ba5+ 53.Ke3 Rc1 54.Rxg5  1-0

[Event "38th American Open"]
[Site "Los Angeles USA"]
[Date "2002.11.28"]
[Round "2"]
[White "Karklins,A"]
[Black "Shulman,Y"]
[Result "0-1"]
[WhiteElo "2291"]
[BlackElo "2566"]

1.e4 e6 2.d4 d5 3.Nc3 Bb4 4.Ne2 Nf6 5.a3 Bxc3+ 6.Nxc3 Nxe4 7.Qg4 O-O 8.Nxe4 f5
9.Qg3 fxe4 10.Bf4 Rf7 11.O-O-O Qf6 12.Bxc7 Nc6 13.Rd2 Nxd4 14.Be5 Nf5 15.Qc3 Qh6
16.Kb1 Bd7 17.Rd1 Rc8 18.Qe1 Qg5 19.h4 Qe7 20.Rh3 Nxh4 21.f3 Ng6 22.Bc3 e5
23.Rh5 Qc5 24.fxe4 dxe4 25.Qxe4 Rf4 26.Bc4+ Qxc4 27.Qxc4+ Rfxc4 28.Rxd7 R4c7
29.Rd1 Re8 30.Re1 e4 31.Re3 Rf7 32.Rg5 Re6 33.Kc1 h6 34.Ra5 b6 35.Rd5 Rf1+
36.Re1 Rxe1+ 37.Bxe1 Nf4 38.Rd8+ Kh7 39.g3 Ng2 40.Bc3 e3 41.Rd7 Rg6 42.Rxa7 Rxg3
43.Be5 Nf4 44.b4 Rg1+ 45.Kb2 e2 46.Bc3 Nd5  0-1

[Event "38th American Open"]
[Site "Los Angeles USA"]
[Date "2002.11.29"]
[Round "4"]
[White "Del Pilar,R"]
[Black "Shulman,Y"]
[Result "1-0"]
[WhiteElo "2222"]
[BlackElo "2566"]

1.e4 e6 2.d4 d5 3.Nc3 Bb4 4.e5 c5 5.a3 Bxc3+ 6.bxc3 Ne7 7.Nf3 Bd7 8.Rb1 Qc7
9.Bd3 Ba4 10.O-O Nd7 11.Rb2 h6 12.Be3 c4 13.Be2 Nb6 14.Bd2 Bd7 15.h3 Na4
16.Rb1 O-O-O 17.Rb4 Qa5 18.Qb1 Nc6 19.Rb5 Qc7 20.Qe1 Nxe5 21.Nxe5 Bxb5 22.Bf4 Qe7
23.Bg4 Rdf8 24.Nxf7 Rxf7 25.Bxe6+ Kd8 26.Qe5 Qe8 27.Re1 Qxe6 28.Qxe6 Rd7
29.Re3 Nb6 30.Be5 Rf8 31.Bd6 Rh8 32.Bc5 Nc8 33.Bxa7 Rd6 34.Qe5 Re8 35.Qg3 Rxe3
36.fxe3 b6 37.Bb8 Rd7 38.Be5 g5 39.Qf3 Ra7 40.Qf8+ Kd7 41.Qf5+ Kd8 42.Qf6+ Kd7
43.Qf7+ Kc6 44.Qe6+ Kb7 45.Qxd5+ Bc6 46.Qf7+ Ka8 47.Qf8 Bd7 48.Qd8 g4 49.hxg4 Bxg4
50.e4 h5 51.Bg3 b5 52.d5 Rg7 53.Qa5+ Na7 54.Qb6 Rb7 55.Qd8+ Nc8 56.e5 Re7
57.e6 Rb7 58.Qa5+  1-0

[Event "38th American Open"]
[Site "Los Angeles USA"]
[Date "2002.11.30"]
[Round "6"]
[White "Taylor,T"]
[Black "Shulman,Y"]
[Result "0-1"]
[WhiteElo "2404"]
[BlackElo "2566"]

1.d4 d5 2.c4 e6 3.Nc3 c6 4.e3 Nf6 5.Nf3 Nbd7 6.Ne5 Bb4 7.Bd2 O-O 8.f4 c5
9.cxd5 cxd4 10.exd4 Nb6 11.Bd3 Nbxd5 12.O-O Qb6 13.Kh1 Qxd4 14.Qf3 Qb6 15.Rad1 Nxc3
16.bxc3 Bc5 17.c4 Qc7 18.Bc3 a5 19.Nd7 Bxd7 20.Bxf6 g6 21.Qh3 Rfe8 22.Rf3 Bf8
23.Qh4 Bg7 24.Rh3 Bxf6 25.Qxh7+ Kf8 26.Bxg6 Bc6 27.Rg3 Red8 28.Re1 Be8 29.Bh5 Ke7
30.Rg8 Kd6 31.c5+ Qxc5 32.Bxf7 Bd7 33.Rd1+ Kc6 34.Qe4+ Kb6 35.Rb1+ Bb5 36.a4 Qb4
37.Qxe6+ Ka7 38.Qf5 Bd7 39.Rxb4 Bxf5 40.Rxd8 Rxd8  0-1

[Event "38th American Open"]
[Site "Los Angeles USA"]
[Date "2002.12.01"]
[Round "8"]
[White "Shulman,Y"]
[Black "Sevillano,E"]
[Result "1-0"]
[WhiteElo "2566"]
[BlackElo "2486"]

1.d4 d5 2.c4 e6 3.Nf3 Nf6 4.Nc3 c6 5.e3 Nbd7 6.Bd3 dxc4 7.Bxc4 b5 8.Bd3 a6
9.e4 c5 10.d5 c4 11.Bc2 e5 12.O-O Bd6 13.Ne2 h6 14.Ng3 Nc5 15.Be3 Qc7 16.b4 cxb3
17.axb3 O-O 18.Nh4 Bd7 19.Nhf5 Bxf5 20.Nxf5 Ncd7 21.Bd3 Bc5 22.Rc1 b4 23.Qc2 Rfc8
24.Ne7+ Bxe7 25.Qxc7 Rxc7 26.Rxc7 Bd8 27.Rc6  1-0

[Event "Rotary Open"]
[Site "Lindsborg Kansas USA"]
[Date "2002.12.18"]
[Round "2"]
[White "Shulman,Y"]
[Black "Kraai,J"]
[Result "1/2-1/2"]
[WhiteElo "2566"]
[BlackElo "2449"]

1.d4 e6 2.c4 b6 3.a3 Bb7 4.Nc3 f5 5.d5 Nf6 6.g3 Na6 7.Bg2 Nc5 8.Nh3 Bd6 9.O-O Be5
10.Qc2 O-O 11.Rd1 Qe7 12.Be3 c6 13.Nf4 cxd5 14.cxd5 Nce4 15.Nxe4 Nxe4 16.dxe6 dxe6
17.Qb3 Bxf4 18.Bxf4 Bd5 19.Qe3 Qf6 20.f3 Nc5 21.Be5 Qf7 22.Rac1 Rfc8 23.Rc3 Nd7
24.Rdc1 Rxc3 25.Rxc3 Nxe5 26.Qxe5 Re8 27.Bh3 h6 28.e4 fxe4 29.fxe4 Ba2 30.b3 Qf6
31.Qxf6 gxf6 32.Kf2 Kf7 33.Ke3 f5 34.exf5 exf5+ 35.Kf4 Re4+ 36.Kf3 Kf6 37.g4 Ke5
38.gxf5 h5 39.Rc7 Rf4+ 40.Ke3 Rh4 41.Re7+  1/2-1/2

[Event "Rotary Open"]
[Site "Lindsborg Kansas USA"]
[Date "2002.12.20"]
[Round "4"]
[White "Shulman,Y"]
[Black "Khachian,M"]
[Result "1/2-1/2"]
[WhiteElo "2566"]
[BlackElo "2481"]

1.d4 d5 2.c4 e6 3.Nf3 Nf6 4.Nc3 dxc4 5.e4 Bb4 6.Bg5 c5 7.Bxc4 cxd4 8.Nxd4 Qa5
9.Bd2 O-O 10.Qe2 e5 11.Nc2 Nc6 12.a3 Nd4 13.Qd3 Bxc3 14.Bxc3 Nxc2+ 15.Qxc2 Qc7
16.Qe2 Bg4 17.f3 Rac8 18.Ba2 Bd7 19.O-O Qb6+ 20.Qf2 Qxf2+ 21.Kxf2 Rfe8 22.Rac1 Be6
23.Bxe6 Rxe6 24.Bb4 Ree8 25.Rfd1 h5 26.h4 g6 27.Ke3 Kg7 28.Rxc8 Rxc8 29.Bc3 Re8
30.Rd6 Re7 31.Rd8 a6 32.a4 Nh7 33.Kd3 f6 34.Kc4 g5 35.hxg5 Nxg5 36.Kd5 h4
37.Kd6 Rf7 38.a5 Kg6 39.Rg8+ Kh7 40.Rb8 Nxf3 41.gxf3 h3 42.Bxe5 fxe5 43.Rc8 h2
44.Rc1 Rxf3 45.Rh1 Rf2 46.b4 Kg6 47.Kxe5 Kg5  1/2-1/2

[Event "Foxwoods Open"]
[Site "Connecticut USA"]
[Date "2003.04.17"]
[Round "1"]
[White "Friedman,J"]
[Black "Shulman,Y"]
[Result "0-1"]
[WhiteElo "2181"]
[BlackElo "2550"]

1.e4 e6 2.d3 d5 3.Nd2 Nf6 4.Ngf3 Nc6 5.c3 a5 6.Qa4 Be7 7.e5 Nd7 8.d4 O-O
9.Bb5 Na7 10.Bd3 c5 11.h4 f5 12.Nf1 cxd4 13.cxd4 Nb6 14.Qd1 Bd7 15.Bg5 h6
16.Bxe7 Qxe7 17.N1d2 a4 18.Qe2 Qb4 19.a3 Qa5 20.O-O Bb5 21.Rfc1 Rfc8 22.Bxb5 Qxb5
23.Qd1 Nd7 24.b3 Rxc1 25.Rxc1 axb3 26.Nxb3 Nc6 27.Nc5 Nxc5 28.Rxc5 Qa4 29.Qb1 Nxd4
30.Qxb7 Qd1+ 31.Kh2 Nxf3+ 32.gxf3 Ra4 33.Qe7 Qxf3 34.Kg1 Rg4+  0-1

[Event "Foxwoods Open"]
[Site "Connecticut USA"]
[Date "2003.04.18"]
[Round "2"]
[White "Shulman,Y"]
[Black "Lymar,V"]
[Result "1-0"]
[WhiteElo "2550"]
[BlackElo "2285"]

1.d4 Nf6 2.c4 g6 3.Nc3 Bg7 4.e4 d6 5.Nf3 O-O 6.Be2 e5 7.Be3 Ng4 8.Bg5 Qe8
9.Nd5 Na6 10.Be7 exd4 11.Bxf8 Kxf8 12.Nxd4 Qxe4 13.Nf3 Bf5 14.h3 Ne5 15.O-O Nd3
16.Ng5 Qxc4 17.Nxh7+ Kg8 18.Nhf6+ Bxf6 19.Nxf6+ Kg7 20.Ng4 Nac5 21.Ne3 Qe4
22.Nxf5+ Qxf5 23.b4 Nxb4 24.Qd4+ Qe5 25.Qxb4 Qxe2 26.Rae1 Qxa2 27.Re7 Ne6
28.Re1 Kf8 29.Rd7 Re8 30.Qc3 Nd4 31.Rxe8+ Kxe8 32.Qxc7 Nf3+ 33.gxf3  1-0

[Event "Foxwoods Open"]
[Site "Connecticut USA"]
[Date "2003.04.19"]
[Round "5"]
[White "Ippolito,D"]
[Black "Shulman,Y"]
[Result "1/2-1/2"]
[WhiteElo "2371"]
[BlackElo "2550"]

1.d4 d5 2.c4 e6 3.Nf3 Nf6 4.g3 dxc4 5.Bg2 Nc6 6.Qa4 Nd7 7.Qxc4 Nf6 8.Qd3 e5
9.Nxe5 Nb4 10.Qc3 Qxd4  1/2-1/2

[Event "12th Chicago Open"]
[Site "Oak Brook USA"]
[Date "2003.05.24"]
[Round "3"]
[White "Lein,A"]
[Black "Shulman,Y"]
[Result "0-1"]
[WhiteElo "2416"]
[BlackElo "2550"]

1.d4 d5 2.c4 e6 3.Nf3 Nf6 4.g3 a6 5.c5 b6 6.cxb6 cxb6 7.Bg2 Be7 8.O-O O-O
9.Bg5 Nc6 10.Nc3 Bb7 11.e3 h6 12.Bxf6 Bxf6 13.Qe2 a5 14.Rfd1 Ba6 15.Qd2 Qd7
16.e4 Rac8 17.Bh3 Nb4 18.exd5 Nxd5 19.Ne5 Qd8 20.Nxd5 Qxd5 21.Bg2 Qd6 22.Ng4 Bg5
23.f4 Be7 24.Qf2 Rfd8 25.Ne5 Bf6 26.h4 Rc7 27.Kh2 Bb7 28.Bh3 Qd5 29.Rd2 Bxe5
30.fxe5 Rcd7 31.Qe3 a4 32.Bg2 Qb5 33.Bxb7 Rxb7 34.Rad1 Rc7 35.g4 Qd5 36.h5 Rdc8
37.g5 hxg5 38.Qxg5 f6 39.Qg3 fxe5 40.dxe5 Rc2 41.Qe3 Rxb2  0-1